Die Länder mit dem geringsten Sicherheitsrisiko - Statistiken

Allgemein
  • Dieses Quiz wurde 188 mal gespielt
  • Das Durchschnittsergebnis liegt bei 6 aus 8
Antwortstatistiken
Rang Land % Korrekt
2 Norwegen
93%
4 Dänemark
92%
3 Finnland
91%
1 Island
88%
5 Schweiz
85%
6 Luxemburg
77%
8 Andorra
40%
7 Slowenien
15%
Keine übereinstimmenden Quizze gefunden
Verteilung der Resultate
Anzahl Personen mit jedem Resultat
Perzentil nach korrekt beantworteten Fragen
Ihre Resultats-Entwicklung
Sie haben dieses Quiz noch nicht gespielt